NBA Nickname Picture Click Quiz Stats

Quiz Updated Nov 25, 2017

Challenge
Share
Tweet
Score 0/16 Timer 03:00
2 Plays Today
% Correct
King James
86.2%
Black Mamba
82.2%
The Logo
81%
Pistol Pete
79.5%
The Mailman
77.4%
Magic Johnson
75%
Big Baby
73.9%
White Chocolate
73.8%
% Correct
The Glove
70.8%
Penny
66.2%
The Worm
66.1%
Diesel
65.2%
The Iceman
59.7%
The Big Dipper
58.9%
The Admiral
55.2%
Agent Zero
43.4%

You're not logged in!

Compare scores with friends on all Sporcle quizzes.
Join for Free
OR
Log In

You Might Also Like...

Show Comments

Extras

Top Quizzes Today


Score Distribution

Your Account Isn't Verified!

In order to create a playlist on Sporcle, you need to verify the email address you used during registration. Go to your Sporcle Settings to finish the process.

Report this User

Report this user for behavior that violates our Community Guidelines.

Details: